00923cam a22002655a 450000100100000000500170001000800410002702000150006802000180008304000260010108200190012710000250014624500800017126000560025130000260030750400510033354100310038465000420041565100100045765300220046769000440048994200080053399900170054195200990055801006586920180122111620.0870513t1987 enka frb 001 0 eng d a0566052202 a9780566052200 aUkcUkbengdEG-ScBUE04a382.6222bRUB1 aRubner, Alex,d1920-14aThe export cult :ba global display of economic distortions /cAlex Rubner. aAldershot :bGower / Maurice Temple Smith,cc.1987. axiv, 318 p. ;c23 cm. aIncludes bibliographical references and index. aDonation from David Kirby. 7aForeign trade promotion.2BUEsh99718 2BUEsh bGGENcJanuary20187 aManagement and Business Studies2blcoll 2ddc c25989d25961 00102ddc4070aMAINbMAINc1STd2018-01-22l0o382.6 RUBp000047154r2025-07-15 00:00:00yBB